Európska vodná charta, Svetový deň vody a my
V r. 1992 vyhlásilo OSN 22. marec za Svetový deň vody. Pri tejto príležitosti majú členské štáty OSN organizovať akcie, ktoré podnietia záujem verejnosti i zodpovednosť štátnych orgánov a inštitúcií na ochranu a rozvoj vodných zdrojov. Vodohospodári a vodné hospodárstvo na Slovensku k Svetovému dňu...
Gespeichert in:
| 1. Verfasser: | |
|---|---|
| Format: | Buchkapitel |
| Sprache: | Slowakisch |
| Schlagworte: | |
| Tags: |
Keine Tags, Fügen Sie das erste Tag hinzu!
|
MARC
| LEADER | 00000naa a2200000 4500 | ||
|---|---|---|---|
| 001 | r026207 | ||
| 005 | 20230925114349.8 | ||
| 041 | 0 | |a slo | |
| 044 | |a SK | ||
| 245 | 1 | 0 | |a Európska vodná charta, Svetový deň vody a my |c L. Podkonický |
| 520 | |a V r. 1992 vyhlásilo OSN 22. marec za Svetový deň vody. Pri tejto príležitosti majú členské štáty OSN organizovať akcie, ktoré podnietia záujem verejnosti i zodpovednosť štátnych orgánov a inštitúcií na ochranu a rozvoj vodných zdrojov. Vodohospodári a vodné hospodárstvo na Slovensku k Svetovému dňu vody. | ||
| 610 | 2 | 0 | |a voda |
| 610 | 2 | 0 | |a Charta OSN |
| 610 | 2 | 0 | |a Svetový deň vody |
| 610 | 2 | 0 | |a marec |
| 610 | 2 | 0 | |a zdroje vodné |
| 610 | 2 | 0 | |a vodohospodárstvo |
| 610 | 2 | 0 | |a charta |
| 610 | 2 | 0 | |a Európa |
| 610 | 2 | 0 | |a svet |
| 610 | 2 | 0 | |a OSN |
| 610 | 2 | 0 | |a Slovensko |
| 610 | 2 | 0 | |a reštrukturalizácia |
| 610 | 2 | 0 | |a transformácia |
| 610 | 2 | 0 | |a privatizácia |
| 100 | 1 | |a Podkonický, L. | |